| 000 | 01314cam a2200301 i 4500 | ||
|---|---|---|---|
| 001 | 1319851 | ||
| 005 | 20040212181140.0 | ||
| 008 | 780718s1979 enka |rb 001 0 eng | ||
| 010 | _a78014314 | ||
| 020 | _a0521294991 | ||
| 040 |
_aDLC _cDLC _dDLC |
||
| 043 |
_aa-cc--- _ae-fr--- _ae-ur--- |
||
| 050 | 0 | 0 |
_aHM283 _b.S56 |
| 082 | 0 | 0 |
_a303.64 _222 _bSKO |
| 100 | 1 |
_aSkocpol, Theda. _911021 |
|
| 245 | 1 | 0 |
_aStates and Social Revolutions : _bA Comparative Analysis of France, Russia, and China / _cTheda Skocpol |
| 260 |
_aCambridge : _bCambridge University Press,1979 _c1979. |
||
| 300 |
_axvii, 407 p. : _bill. ; _c24 cm. |
||
| 504 | _aIncludes bibliography: p. 351-390 and index. | ||
| 650 | 0 |
_aRevolutions _xCase studies. _911022 |
|
| 650 | 0 |
_aRevolutions _zFrance _xHistory. _911023 |
|
| 650 | 0 |
_aRevolutions _zSoviet Union _xHistory. _911024 |
|
| 650 | 0 |
_aRevolutions _zChina _xHistory. _911025 |
|
| 856 | 4 | 2 |
_3Publisher description _uhttp://www.loc.gov/catdir/description/cam041/78014314.html |
| 856 | 4 | 1 |
_3Table of contents _uhttp://www.loc.gov/catdir/toc/cam041/78014314.html |
| 942 |
_2ddc _cBB |
||
| 999 |
_c13298 _d13298 |
||